Hudebně-literární slovník : hudební díla inspirovaná slovesným uměním. II. díl slovníkové trilogie, Čeští skladatelé /
2. díl interdisciplinárně zaměřeného slovníku s úvodními kapitolami věnovanými estetice, vztahu a typologii hudby a slova přináší informace o dílech českých skladatelů inspirovaných naší i světovou literaturou i lidovou slovesností.
Uloženo v:
| Hlavní autor: | |
|---|---|
| Médium: | E-kniha |
| Jazyk: | Czech |
| Vydáno: |
Brno :
Masarykova univerzita,
2011
|
| Vydání: | 1. vyd. |
| Témata: | |
| Tagy: |
Žádné tagy |
| LEADER | 03380nam a2200613 a 4500 | ||
|---|---|---|---|
| 001 | 311173 | ||
| 003 | CZ PrSKC | ||
| 005 | 20260601215701.0 | ||
| 007 | ta | ||
| 008 | 111212s2011 xr d f e 001 0dcze | ||
| 015 | |a cnb002265428 | ||
| 020 | |a 9788021056411 |q (soubor ; |q brož.) | ||
| 020 | |a 978-80-210-5642-8 |q (2. díl ; |q brož.) | ||
| 035 | |a (OCoLC)780138642 | ||
| 040 | |a OLA001 |b cze |d ABA001 | ||
| 043 | |a e-xr--- | ||
| 072 | 7 | |a 78 |x Hudba |2 Konspekt | |
| 080 | |a 78:82 |2 MRF | ||
| 080 | |a 78.08 |2 MRF | ||
| 080 | |a 82:081 |2 MRF | ||
| 080 | |a 7.07 |2 MRF | ||
| 080 | |a 78.071.1 |2 MRF | ||
| 080 | |a (437.3) |2 MRF | ||
| 080 | |a (048.8) |2 MRF | ||
| 080 | |a (031) |2 MRF | ||
| 100 | 1 | |a Spousta, Vladimír, |d 1930- |7 jn19990209789 |4 aut | |
| 245 | 1 | 0 | |a Hudebně-literární slovník : |b hudební díla inspirovaná slovesným uměním. |n II. díl slovníkové trilogie, |p Čeští skladatelé / |c Vladimír Spousta |
| 246 | 3 | 0 | |a Čeští skladatelé |
| 250 | |a 1. vyd. | ||
| 260 | |a Brno : |b Masarykova univerzita, |c 2011 | ||
| 300 | |a 270 s. ; |c 24 cm + |e 1 CD-ROM | ||
| 500 | |a Terminologický slovník | ||
| 504 | |a Obsahuje bibliografii, bibliografické odkazy a rejstřík | ||
| 520 | 2 | |a 2. díl interdisciplinárně zaměřeného slovníku s úvodními kapitolami věnovanými estetice, vztahu a typologii hudby a slova přináší informace o dílech českých skladatelů inspirovaných naší i světovou literaturou i lidovou slovesností. | |
| 520 | 2 | |a Autor se zaobírá hudebními skladbami, které vznikly z podnětu určitého literárního díla. Textová část kromě teoretického úvodu k sovesnému a hudebnímu umění a jejich vztahu přináší podrobné popisy struktury hesel spolu s ukázkami ze slovníkové části na CD-ROM, tabulky a seznamy autorů hudby a původců literárních děl, slovníček použitých hudebních a literárních termínů a seznam použité literatury. Nedílnou součástí publikace je ovšem i CD-ROM s vlastním obsahem hesel o hudebních dílech zkomponovaných na náměty převzaté z české literatury i lidového písemnictví. Slovník zaznamenává celkem 891 českých skladatelů (od počátku historie české hudby až po autory narozené do r. 1930) , kteří se inspirovali díly 2203 slovesných umělců. | |
| 650 | 0 | 7 | |a hudba a literatura |7 ph114720 |2 czenas |
| 650 | 0 | 7 | |a hudební díla |7 ph683444 |z Česko |2 czenas |
| 650 | 0 | 7 | |a literární díla |7 ph166330 |2 czenas |
| 650 | 0 | 7 | |a umělecká inspirace |7 ph180931 |2 czenas |
| 650 | 0 | 7 | |a hudební skladatelé |7 ph120923 |z Česko |2 czenas |
| 650 | 0 | 9 | |a music and literature |2 eczenas |
| 650 | 0 | 9 | |a musical works |z Czechia |2 eczenas |
| 650 | 0 | 9 | |a literary pieces |2 eczenas |
| 650 | 0 | 9 | |a inspiration in art |2 eczenas |
| 650 | 0 | 9 | |a composers |z Czechia |2 eczenas |
| 655 | 7 | |a monografie |7 fd132842 |2 czenas | |
| 655 | 7 | |a slovníky |7 fd133454 |2 czenas | |
| 655 | 9 | |a monographs |2 eczenas | |
| 655 | 9 | |a dictionaries |2 eczenas | |
| 900 | |a ABA001 |b 17 | ||
| 044 | |a xr | ||
| 910 | |a RBIT002 | ||
| 998 | |d 205843 |a https://core.palmknihy.cz/api/books/205843/cover?q98dn9 |b https://core.palmknihy.cz/api/books/205843/cover/400?q98dn9 |c https://core.palmknihy.cz/api/books/205843/cover/50?q98dn9 |e 2081-02-23 |g 272 |i 9788021056428 |k https://core.palmknihy.cz/api/books/205843/preview.pdf |l |q 49 |r 1 |s https://www.palmknihy.cz/kniha/205843 |t ebook |y 2014 |z 0 | ||
| 999 | |d 311171 | ||